000 00498nam a22001697a 4500
003 MPLRDC
005 20220104143738.0
008 210129b ||||| |||| 00| 0 eng d
082 _a524.92 DZ 1994
100 _a独中工委会考试局
245 _a1994年第20届高中各科试题总集
_c
260 _a
_b马来西亚华校董事联合
_c1995
300 _b
490 _a马来西亚全国华文独中高中统一考试
650 _a中等教育--高中
942 _cBK
_o524.92 DZ 1994
999 _c42925
_d42915